01405nam a2200361 a 4500001001200000003000800012006001900020007001500039008004100054010001700095015001900112016001800131020001500149040002100164035002000185050002200205082001400227100001900241245011200260260005800372300002400430490003600454504006600490533015200556650003100708651003200739651004800771655002900819710001700848830003700865856012600902999001501028ebr10271372CaPaEBRm u cr cn|||||||||050706s2005 enkb sb 001 0 eng d z 2005298878 aGBA5377722bnb7 z0131026532Uk z0198221142 aCaPaEBRcCaPaEBR a(OCoLC)8606890214aD720b.S74 2005eb04a940.52221 aSteiner, Zara.14aThe lights that failedh[electronic resource] :bEuropean international history, 1919-1933 /cZara Steiner. aOxford ;aNew York :bOxford University Press,c2005. axv, 938 p. :bmaps.1 aOxford history of modern Europe aIncludes bibliographical references (p. [852]-865) and index. aElectronic reproduction.bPalo Alto, Calif. :cebrary,d2013.nAvailable via World Wide Web.nAccess may be limited to ebrary affiliated libraries. 0aReconstruction (1914-1939) 0aEuropexHistoryy1918-1945. 0aEuropexPolitics and governmenty1918-1945. 7aElectronic books.2local2 aebrary, Inc. 0aOxford history of modern Europe.40uhttp://site.ebrary.com/lib/rucke/Doc?id=10271372zAn electronic book accessible through the World Wide Web; click to view c7254d7254